000 00782cam a2200229 4500
001 ABS67676
008 040323n2004 000 0 eng u
035 _a(Sirsi) u125528
100 _aCousins, D.
245 _aHorse sense: why getting involved with livery could be a good runner
260 _c2004
490 _aFarmers' Weekly
_v140(7) 13 February 2004, 68-69(2)
520 _aAdvises on diversifying into the livery market. Horses are a £2.5bn sector of the rural economy. Explains the different levels of livery and service that farmers could offer.
590 _aABS
590 _aABS
650 _aHORSES
650 _aLIVERY STABLES
650 _aRURAL ECONOMY
650 _aFARM DIVERSIFICATION
690 _aRURAL-FARM BUSINESS MANAGEMENT
942 _n0
999 _c117124
_d117124